| 000 | 00685nam a22001937a 4500 | ||
|---|---|---|---|
| 003 | BD-ChCU | ||
| 005 | 20260513102928.0 | ||
| 008 | 260513b bg ||||| |||| 00| 0 ben d | ||
| 020 | _a9789848800645 | ||
| 040 | _cBD-ChCU | ||
| 082 |
_223 _a৩৭০.১ রহ৫শি |
||
| 100 |
_aরহমান, মোঃ মজিবুর। _922903 |
||
| 245 |
_aশিক্ষা ও শিক্ষাদর্শন / _cমোঃ মজিবুর রহমান। |
||
| 260 |
_aঢাকাঃ _bঅবসর, _c২০২১ |
||
| 300 | _a৪৫৪ পৃ. | ||
| 504 | _aসম্বলিত। | ||
| 650 | 0 |
_aশিক্ষা- দর্শন । _922906 |
|
| 942 |
_2ddc _cBK _n0 |
||
| 999 |
_c112934 _d112934 |
||